000 00779nab a2200229u 4500
001 15741
003 HDC
007 c| |||a|c|aaaa
008 210218b20140403my ||||| |||| 00| 0 may d
040 _aHDC
245 0 _aMITI sedia RM2 juta tingkat daya saing vendor PKS
336 _atext
_2rdacontent
337 _acomputer
_2rdamedia
338 _aonline resource
_2rdacarrier
650 _aMinistry of International Trade and Industry (MITI)
_910721
650 _asmall and medium enterprises (SME)
_97657
710 _aBERITA HARIAN
856 _zRequest full-text at [email protected]
942 _2lcc
942 _cNEWS
942 _kNWSC 003738
999 _c13057
_d13057